[Event "Bad Griesbach Seniors op 10th"]
[Site "Bad Griesbach"]
[Date "2007.12.05"]
[Round "4"]
[White "Wokurka, Werner"]
[Black "Post, Hermann"]
[Result "1-0"]
[WhiteElo "1728"]
[BlackElo "1646"]
[PlyCount "55"]
[EventDate "2007.12.02"]
[EventType "swiss"]
[EventRounds "7"]
[EventCountry "GER"]
[SourceTitle "EXT 2015"]
[Source "ChessBase"]
[SourceDate "2014.11.20"]
[SourceVersion "1"]
[SourceVersionDate "2014.11.20"]
[SourceQuality "1"]

1. d4 f5 2. c4 Nf6 3. Nc3 g6 4. g3 Bg7 5. Bg2 c6 6. Bf4 0-0 7. Nf3 d6 8. 0-0 Nh5 9. Qd2 Nxf4 10. gxf4 h6 11. Rad1 Nd7 12. Qe3 Nf6 13. h3 Re8 14. Qd3 Qc7 15. d5 Bd7 16. b3 Rad8 17. Kh2 Bc8 18. Nh4 e5 19. dxe6 Rxe6 20. Nxg6 Ne4 21. Nxe4 Rxg6 22. Ng3 Qf7 23. e4 fxe4 24. Bxe4 Rf6 25. f5 d5 26. Qf3 Qc7 27. cxd5 Qe5 28. dxc6 1-0

[Event "Bad Griesbach Seniors op 10th"]
[Site "Bad Griesbach"]
[Date "2007.12.02"]
[Round "1"]
[White "Kugelmann, Werner"]
[Black "Wokurka, Werner"]
[Result "1-0"]
[WhiteElo "2119"]
[BlackElo "1728"]
[PlyCount "75"]
[EventDate "2007.12.02"]
[EventType "swiss"]
[EventRounds "7"]
[EventCountry "GER"]
[SourceTitle "EXT 2015"]
[Source "ChessBase"]
[SourceDate "2014.11.20"]
[SourceVersion "1"]
[SourceVersionDate "2014.11.20"]
[SourceQuality "1"]

1. e4 c5 2. Nc3 d6 3. f4 Nc6 4. Nf3 g6 5. Bc4 Bg7 6. 0-0 e6 7. f5 Ne5 8. Bb5+ Bd7 9. fxe6 fxe6 10. Nxe5 Bxe5 11. Qg4 Qe7 12. d3 Nf6 13. Bxd7+ Kxd7 14. Qh3 Kc7 15. Nb5+ Kc6 16. a4 a6 17. Na3 b5 18. c3 h6 19. Nc2 Nh5 20. d4 Bg7 21. Qd3 Rhd8 22. axb5+ axb5 23. Rxa8 Rxa8 24. e5 Rf8 25. Rxf8 Qxf8 26. Na3 c4 27. Qxg6 Nf4 28. Qe4+ Nd5 29. exd6 Qxd6 30. Nc2 Kb6 31. Qg6 Bf8 32. g3 Ne7 33. Qf7 Nd5 34. Ne3 Kc6 35. Ng4 b4 36. Ne5+ Kb5 37. Qe8+ Ka5 38. Nxc4+ 1-0

[Event "GER-chT LG-1 email"]
[Site "GER email"]
[Date "2007.10.25"]
[Round "?"]
[White "Wokurka, Werner"]
[Black "Doderer, Harald"]
[Result "1/2-1/2"]
[WhiteElo "2237"]
[BlackElo "2304"]
[PlyCount "107"]
[EventDate "2007.??.??"]
[EventType "tourn (corr)"]
[EventRounds "8"]
[EventCountry "GER"]
[SourceTitle "Corr 2011"]
[Source "ChessBase"]
[SourceDate "2010.08.31"]
[SourceVersion "1"]
[SourceVersionDate "2010.08.31"]
[SourceQuality "1"]

1. c4 e5 2. Nc3 Nf6 3. Nf3 Nc6 4. d4 exd4 5. Nxd4 Bb4 6. Bg5 h6 7. Bh4 Bxc3+ 8. bxc3 Ne5 9. f4 Ng6 10. Bxf6 Qxf6 11. g3 d6 12. Bg2 0-0 13. 0-0 a6 14. Qd2 Rb8 15. e4 Re8 16. Rab1 Bd7 17. Nc2 Qd8 18. Nb4 a5 19. Nd5 b6 20. Rb2 Bc8 21. Rd1 Bb7 22. Qe2 Qd7 23. Rdd2 Nf8 24. Rb1 Ba6 25. Re1 f6 26. Bf3 Kh8 27. Bh5 Red8 28. Ne3 Bb7 29. Nc2 g6 30. Bg4 Qg7 31. Nd4 Re8 32. Qg2 Re7 33. Rde2 Qg8 34. Re3 Qxc4 35. Bd1 a4 36. Qc2 Ra8 37. Be2 Qg8 38. Bb5 Nd7 39. Nc6 Rg7 40. Qe2 Nc5 41. a3 Re8 42. Bc4 Qf8 43. Bd5 f5 44. exf5 Rxe3 45. Qxe3 gxf5 46. Qe8 Qxe8 47. Rxe8+ Kh7 48. c4 Bxc6 49. Bxc6 Kg6 50. Kf2 Kf6 51. Rh8 Re7 52. Rxh6+ Kg7 53. Rh5 Ne4+ 54. Kg1 1/2-1/2

[Event "GER KF-35 Class1 B3 email"]
[Site "GER email"]
[Date "2007.??.??"]
[Round "?"]
[White "Jendrian, Michael"]
[Black "Wokurka, Werner"]
[Result "0-1"]
[WhiteElo "2059"]
[BlackElo "2189"]
[PlyCount "60"]
[EventDate "2007.??.??"]
[EventType "tourn (corr)"]
[EventRounds "6"]
[EventCountry "GER"]
[SourceTitle "Corr 2008"]
[Source "ChessBase"]
[SourceDate "2008.06.24"]
[SourceVersion "1"]
[SourceVersionDate "2008.06.24"]
[SourceQuality "1"]

1. f4 d5 2. Nf3 g6 3. g3 Bg7 4. Bg2 Nf6 5. 0-0 0-0 6. d3 c5 7. Nc3 d4 8. Na4 Nbd7 9. c4 Rb8 10. Rb1 b6 11. b4 Qc7 12. f5 gxf5 13. Nh4 e6 14. Bf4 Ne5 15. bxc5 bxc5 16. Rxb8 Qxb8 17. Nxc5 Nh5 18. Bc1 Ng4 19. Qe1 Be5 20. Nf3 Nxh2 21. Nxe5 Nxf1 22. Ncd7 Bxd7 23. Nxd7 Qd8 24. Nxf8 Nfxg3 25. e3 Kxf8 26. Ba3+ Kg8 27. Bb2 Qg5 28. Bxd4 f4 29. Qf2 e5 30. exf4 Ne2+ 0-1

[Event "Niederbayern-ch Seniors 48th"]
[Site "Ortenburg"]
[Date "2007.??.??"]
[Round "4"]
[White "Wokurka, Werner"]
[Black "Koenigl, Anton"]
[Result "1/2-1/2"]
[WhiteElo "1805"]
[BlackElo "1740"]
[PlyCount "43"]
[EventDate "2007.??.??"]
[EventType "swiss"]
[EventRounds "7"]
[EventCountry "GER"]
[SourceTitle "EXT 2010"]
[Source "ChessBase"]
[SourceDate "2010.11.25"]
[SourceVersion "1"]
[SourceVersionDate "2010.11.25"]
[SourceQuality "1"]

1. Nf3 c5 2. c4 Nc6 3. Nc3 Nf6 4. d3 d6 5. g3 g6 6. Bg2 Bg7 7. 0-0 0-0 8. h3 Rb8 9. a3 Bd7 10. Rb1 Ne8 11. Bd2 Nc7 12. b4 cxb4 13. axb4 a6 14. b5 axb5 15. cxb5 Nd4 16. Nxd4 Bxd4 17. Qa4 Bg7 18. Qb4 Qc8 19. Kh2 Qd8 20. b6 Na6 21. Qa5 Nc5 22. Qb4 1/2-1/2

[Event "Niederbayern-ch Seniors 48th"]
[Site "Ortenburg"]
[Date "2007.??.??"]
[Round "1"]
[White "Wokurka, Werner"]
[Black "Zorn, Guenter"]
[Result "1-0"]
[WhiteElo "1805"]
[BlackElo "1428"]
[PlyCount "137"]
[EventDate "2007.??.??"]
[EventType "swiss"]
[EventRounds "7"]
[EventCountry "GER"]
[SourceTitle "EXT 2010"]
[Source "ChessBase"]
[SourceDate "2010.11.25"]
[SourceVersion "1"]
[SourceVersionDate "2010.11.25"]
[SourceQuality "1"]

1. Nf3 c6 2. g3 Nf6 3. Bg2 g6 4. d3 Bg7 5. 0-0 d6 6. Nbd2 Nbd7 7. e4 0-0 8. Rb1 b6 9. b4 Bb7 10. Bb2 Qc7 11. Re1 e5 12. c4 c5 13. a3 Rfe8 14. Nf1 Nf8 15. Bc1 Ne6 16. Bd2 Nd4 17. Nxd4 cxd4 18. Qc1 Qd7 19. Bh6 Qa4 20. Bd2 Qd7 21. h3 Rac8 22. Qd1 Bc6 23. b5 Bb7 24. a4 Ra8 25. Qb3 a5 26. Kh2 Bc8 27. Qd1 Rf8 28. f4 h5 29. Qf3 Ra7 30. Bc1 Re8 31. Re2 Nh7 32. Rf2 f5 33. exf5 Qxf5 34. Qe2 Bb7 35. fxe5 Qxe5 36. Qxe5 Rxe5 37. Bf4 Rf5 38. Be4 Rf6 39. h4 Bxe4 40. dxe4 Nf8 41. Rd2 Rd7 42. Rbd1 Ne6 43. e5 dxe5 44. Bxe5 Rf3 45. Bxg7 Kxg7 46. Re2 Kf6 47. Ne3 d3 48. Ree1 Nc5 49. Kg2 Rxe3 50. Rxe3 Nxa4 51. Rexd3 Rxd3 52. Rxd3 Ke5 53. Kf3 Nb2 54. Rd5+ Ke6 55. Rd4 Ke5 56. Re4+ Kd6 57. Ke2 Kc5 58. Re6 Nxc4 59. Rxg6 a4 60. Rg5+ Kb4 61. g4 a3 62. gxh5 a2 63. Rg1 Kb3 64. h6 Ne5 65. h7 Nf7 66. Kd3 Kb2 67. Kd4 a1Q 68. Rxa1 Kxa1 69. Kd5 1-0

[Event "Niederbayern-ch MK Seniors 47th"]
[Site "Aidenbach"]
[Date "2006.??.??"]
[Round "4"]
[White "Viertlboeck, Johann"]
[Black "Wokurka, Werner"]
[Result "0-1"]
[WhiteElo "1500"]
[BlackElo "1775"]
[PlyCount "68"]
[EventDate "2006.??.??"]
[EventType "swiss"]
[EventRounds "7"]
[EventCountry "GER"]
[SourceTitle "EXT 2007"]
[Source "ChessBase"]
[SourceDate "2006.11.23"]
[SourceVersion "1"]
[SourceVersionDate "2006.11.23"]
[SourceQuality "1"]

1. e4 c5 2. Nf3 d6 3. d4 cxd4 4. Nxd4 Nf6 5. Nc3 a6 6. Be2 e5 7. Nf3 Be7 8. 0-0 h6 9. a4 Be6 10. Be3 Nbd7 11. Qd2 b6 12. Rad1 Qc7 13. Nd5 Bxd5 14. exd5 Ng4 15. h3 Nxe3 16. fxe3 Nc5 17. b4 Ne4 18. Qe1 Nc3 19. Rd3 Nxe2+ 20. Qxe2 e4 21. Rd4 exf3 22. Qxf3 0-0 23. Rf4 Bg5 24. Rg4 Qc3 25. h4 Qxe3+ 26. Kh1 Qxf3 27. Rxf3 f5 28. Rgg3 Bxh4 29. Rh3 g5 30. Rf1 f4 31. g3 fxg3 32. Rd1 Rf2 33. Rd4 Raf8 34. Rg4 Rf1+ 0-1

[Event "Niederbayern-ch MK Seniors 47th"]
[Site "Aidenbach"]
[Date "2006.??.??"]
[Round "1"]
[White "Wokurka, Werner"]
[Black "Reinert, Marcus"]
[Result "1/2-1/2"]
[WhiteElo "1775"]
[BlackElo "1078"]
[PlyCount "62"]
[EventDate "2006.??.??"]
[EventType "swiss"]
[EventRounds "7"]
[EventCountry "GER"]
[SourceTitle "EXT 2007"]
[Source "ChessBase"]
[SourceDate "2006.11.23"]
[SourceVersion "1"]
[SourceVersionDate "2006.11.23"]
[SourceQuality "1"]

1. d4 Nf6 2. c4 e6 3. Nc3 Bb4 4. e3 b6 5. a3 Bxc3+ 6. bxc3 Bb7 7. Nf3 d6 8. Bd3 Nbd7 9. 0-0 0-0 10. Nd2 c5 11. Bb2 Ne8 12. e4 f5 13. Qe2 Nc7 14. f4 g6 15. Qf3 Nf6 16. d5 fxe4 17. Nxe4 Nxe4 18. Bxe4 Qd7 19. Qg4 Rae8 20. dxe6 Nxe6 21. Bd5 Kh8 22. Rae1 Bc8 23. Rxe6 Rxe6 24. Bxe6 Qxe6 25. Qxe6 Bxe6 26. g3 Re8 27. Re1 Bd7 28. Kf2 Rxe1 29. Kxe1 Kg7 30. Ke2 Kf6 31. Kf3 h6 1/2-1/2

[Event "Niederbayern-ch Seniors 46th"]
[Site "Vilshofen"]
[Date "2005.??.??"]
[Round "7"]
[White "Fischer, Semen"]
[Black "Wokurka, Werner"]
[Result "0-1"]
[WhiteElo "1644"]
[BlackElo "1780"]
[PlyCount "92"]
[EventDate "2005.03.29"]
[EventType "swiss"]
[EventRounds "7"]
[EventCountry "GER"]
[SourceTitle "EXT 2007"]
[Source "ChessBase"]
[SourceDate "2006.11.23"]
[SourceVersion "1"]
[SourceVersionDate "2006.11.23"]
[SourceQuality "1"]

1. Nc3 d5 2. d4 e6 3. Bf4 c5 4. e3 Nc6 5. Nb5 e5 6. dxe5 a6 7. Nc3 Be6 8. Nf3 Qa5 9. Be2 d4 10. exd4 cxd4 11. Nxd4 Rd8 12. Bd2 Rxd4 13. Nb5 Qxd2+ 14. Qxd2 Rxd2 15. Kxd2 axb5 16. Bxb5 Bc5 17. f3 Nge7 18. Rhe1 0-0 19. Bxc6 Nxc6 20. f4 Rd8+ 21. Kc1 Bg4 22. c3 Bf2 23. Rh1 Bf5 24. b3 Be4 25. Kb2 Bxg2 26. Rhd1 Bb6 27. Rd6 Bh3 28. Rad1 Kf8 29. b4 Bc7 30. Rxd8+ Nxd8 31. c4 Ke7 32. Rd3 Bf5 33. Rf3 Ne6 34. Rf2 Nxf4 35. Kb3 Bxe5 36. h4 Bc8 37. Rd2 Ne6 38. c5 Nd4+ 39. Ka3 f5 40. b5 f4 41. Kb4 f3 42. Rf2 g5 43. Kc4 Be6+ 44. Kd3 g4 45. Ke3 h5 46. Ke4 Kf6 0-1

[Event "Niederbayern-ch Seniors 46th"]
[Site "Vilshofen"]
[Date "2005.??.??"]
[Round "3"]
[White "Koenigl, Anton"]
[Black "Wokurka, Werner"]
[Result "0-1"]
[WhiteElo "1758"]
[BlackElo "1780"]
[PlyCount "82"]
[EventDate "2005.03.29"]
[EventType "swiss"]
[EventRounds "7"]
[EventCountry "GER"]
[SourceTitle "EXT 2007"]
[Source "ChessBase"]
[SourceDate "2006.11.23"]
[SourceVersion "1"]
[SourceVersionDate "2006.11.23"]
[SourceQuality "1"]

1. e4 c5 2. Nf3 d6 3. d4 cxd4 4. Nxd4 Nf6 5. Nc3 a6 6. Be2 Nc6 7. 0-0 Qc7 8. Nd5 Nxd5 9. exd5 Nxd4 10. Qxd4 Qxc2 11. Re1 e5 12. Bd3 Qc7 13. f4 f6 14. Bd2 Be7 15. fxe5 dxe5 16. Qe4 Qb6+ 17. Be3 Bc5 18. Bxc5 Qxc5+ 19. Kh1 Qd6 20. Rac1 Bd7 21. Rc3 g6 22. Qf3 0-0 23. Qg3 Kg7 24. Bc4 Rac8 25. h4 b5 26. Bb3 Rxc3 27. bxc3 Rc8 28. Rf1 a5 29. h5 Be8 30. Qg4 Bd7 31. Qf3 a4 32. Bd1 f5 33. hxg6 hxg6 34. g3 e4 35. Qe3 Qxd5 36. Be2 Qc5 37. Qg5 Rh8+ 38. Kg2 e3 39. Rf4 Bc6+ 40. Bf3 e2 41. Bxc6 e1Q 0-1

[Event "Niederbayern-ch Seniors 46th"]
[Site "Vilshofen"]
[Date "2005.??.??"]
[Round "6"]
[White "Wokurka, Werner"]
[Black "Reisinger, Georg"]
[Result "0-1"]
[WhiteElo "1780"]
[BlackElo "1756"]
[PlyCount "76"]
[EventDate "2005.03.29"]
[EventType "swiss"]
[EventRounds "7"]
[EventCountry "GER"]
[SourceTitle "EXT 2007"]
[Source "ChessBase"]
[SourceDate "2006.11.23"]
[SourceVersion "1"]
[SourceVersionDate "2006.11.23"]
[SourceQuality "1"]

1. d4 d5 2. c4 e6 3. Nc3 Nf6 4. Nf3 c6 5. e3 Nbd7 6. Bd3 dxc4 7. Bxc4 Nd5 8. e4 Nxc3 9. bxc3 Be7 10. 0-0 0-0 11. Qe2 Qa5 12. Bd2 Qh5 13. Bd3 f6 14. Bc4 Nb6 15. Bb3 Kh8 16. c4 c5 17. Rfe1 e5 18. dxc5 Bxc5 19. Be3 Bb4 20. Nd2 Bg4 21. f3 Bd7 22. Qd1 Qe8 23. a4 Rd8 24. Qc2 Nc8 25. Red1 Bc6 26. c5 Bxd2 27. Bxd2 Rd4 28. Bc3 Rd7 29. Ba5 Rd4 30. Bc3 Rd7 31. Bd5 Ne7 32. Qb3 Bxd5 33. exd5 Qf7 34. Rd2 Nxd5 35. Rad1 Nxc3 36. Qxf7 Rdxf7 37. Ra1 Rc7 38. Kf2 h6 0-1

[Event "Bad Griesbach Seniors op 7th"]
[Site "Bad Griesbach"]
[Date "2004.12.10"]
[Round "6"]
[White "Klimpel, Siegfried"]
[Black "Wokurka, Werner"]
[Result "0-1"]
[WhiteElo "1664"]
[BlackElo "1768"]
[PlyCount "98"]
[EventDate "2004.12.05"]
[EventType "swiss"]
[EventRounds "7"]
[EventCountry "GER"]
[SourceTitle "EXT 2006"]
[Source "ChessBase"]
[SourceDate "2005.11.24"]
[SourceVersion "1"]
[SourceVersionDate "2005.11.24"]
[SourceQuality "1"]

1. e4 c5 2. Nf3 d6 3. d3 Nc6 4. h3 g6 5. g3 Bg7 6. Bg2 Bd7 7. 0-0 e6 8. Nbd2 b5 9. Re1 Nge7 10. Nf1 Qb6 11. Ne3 Rc8 12. Ng4 h5 13. Ngh2 Nd4 14. c3 Nxf3+ 15. Nxf3 Nc6 16. h4 e5 17. Be3 Nd8 18. d4 exd4 19. cxd4 Bg4 20. Rc1 Ne6 21. dxc5 dxc5 22. Qc2 Bxf3 23. Bxf3 Nd4 24. Bxd4 Bxd4 25. e5 Qe6 26. Bg2 0-0 27. Kh2 Rb8 28. Bh3 f5 29. exf6 Qxf6 30. f3 Rbe8 31. Bg2 Kg7 32. Re4 c4 33. Rce1 Rxe4 34. Qxe4 Rf7 35. Qd5 Bxb2 36. Qxb5 c3 37. Qc4 Qf5 38. Re4 Qd7 39. Re2 Qc7 40. Qb3 Rd7 41. f4 Qd8 42. Bf3 Rd2 43. Kh3 Qd7+ 44. Re6 Qd3 45. Qb7+ Kh6 46. Re8 Qf1+ 47. Bg2 Qxg2+ 48. Qxg2 Rxg2 49. Kxg2 c2 0-1